Carregando...

The politics of petrol

Detalhes bibliográficos
Idioma:Undetermined
Assuntos:
LEADER 00408nab a2200109Ia 4500
008 170811c99999999xx |||||||||||| ||und||
245 4 |a The politics of petrol 
653 |a 1. Petrol 2. Diesel 
773 |t Economic & Political Weekly   |g Vol. XLV1 No. 47 (19/11/2011) 2011 
942 |c ART 
999 |c 177063  |d 177063 
952 |0 0  |1 0  |4 0  |7 0  |9 242911  |a LIB  |b LIB  |d 2017-08-13  |h Vol. XLV1 No. 47 (19/11/2011) 2011  |r 2017-08-13  |w 2017-08-13  |y ART